Home Print Resources E-Books E-Journals IIMT Lecture Series Library Membership Form Book Recommendation Form Campus Tour Take AdmissionAbout Us Contact Us

MEDICINAL AND PHARMACEUTICAL CHEMISTRY (Record no. 50921)

000 -LEADER
fixed length control field nam a22 7a 4500
003 - CONTROL NUMBER IDENTIFIER
control field OSt
005 - DATE AND TIME OF LATEST TRANSACTION
control field 20211019142537.0
008 - FIXED-LENGTH DATA ELEMENTS--GENERAL INFORMATION
fixed length control field 211019b xxu||||| |||| 00| 0 eng d
040 ## - CATALOGING SOURCE
Transcribing agency IIMT UNIVERSITY MEERUT
100 ## - MAIN ENTRY--PERSONAL NAME
Personal name SINGH HARIKISHAN
245 ## - TITLE STATEMENT
Title MEDICINAL AND PHARMACEUTICAL CHEMISTRY
260 ## - PUBLICATION, DISTRIBUTION, ETC.
Place of publication, distribution, etc. DELHI
Name of publisher, distributor, etc. VALLABH PRAKASHAN
Date of publication, distribution, etc. 2020
300 ## - PHYSICAL DESCRIPTION
Extent 854
942 ## - ADDED ENTRY ELEMENTS (KOHA)
Source of classification or shelving scheme
Koha item type Text-Book- for 7 days
Holdings
Withdrawn status Lost status Source of classification or shelving scheme Damaged status Not for loan Home library Current library Date acquired Source of acquisition Cost, normal purchase price Inventory number Barcode Date last seen Price effective from Koha item type Total Checkouts Date last checked out
          IIMT University College of Medical Sciences IIMT University College of Medical Sciences 10/19/2021 ARISTA PUBLISHERS 950.00 HO/IN/17 02-B-13038 10/19/2021 10/19/2021 Reference Book    
          IIMT University College of Medical Sciences IIMT University College of Medical Sciences 10/19/2021 ARISTA PUBLISHERS 950.00 HO/IN/17 02-B-13039 07/02/2025 10/19/2021 Text-Book- for 7 days 8 06/02/2025
          IIMT University College of Medical Sciences IIMT University College of Medical Sciences 10/19/2021 ARISTA PUBLISHERS 950.00 HO/IN/17 02-B-13040 10/19/2021 10/19/2021 Text-Book- for 7 days    
IIMT, Central Library. All Rights Reserved IIMT,UNIVERSITY © 2023
Implemented and Customised by I CLOUDE EMS
You Are OPAC Visitor No
free web counter

Powered by Koha